00824cam a22002651 4500001001300000003000400013005001700017008004100034010001700075035002000092040001700112042001200129050002300141082001000164100004200174245006100216260003500277300003200312500001700344502002400361500001000385500011400395650003200509999001700541g 01000309 DLC20260227111251.0960129s1899 gw 000 0 ger  ag 01000309  a(OCoLC)34097548 aDLCcLUdDLC apremarc00aPC3047.N3bN5 189900a447.91 aNiederländer, Johann Joseph,d1877-14aDie mundart von Namur ...cvon Johann Niederländer ... aHalle a.S.,bE. Karras,c1899. a1 p. l., 32, [2] p.c23 cm. aCover-title. aInaug.-diss.--Bonn. aVita. aContains only part of the treatise; the whole published in "Zeitschrift für romanische philolgoie", bd. 24. 0aWalloon dialectxPhonology. c23438d23438